| 000 | 00841 a2200169 4500 | ||
|---|---|---|---|
| 003 | Nust | ||
| 005 | 20230206125000.0 | ||
| 040 | _cNust | ||
| 082 | _a968,PHI | ||
| 100 |
_aPhilips, Norman _9108669 |
||
| 245 |
_aThe Tragedy of Apartheid / _cNorman Phillips |
||
| 260 |
_aLondon _bGeorge Allen & Unwin Ltd _61961 |
||
| 300 | _a218:p | ||
| 505 | _aSharpeville (Page-3), Background (Page-16), Eyewitness to Apartheid (Page-28), Zulu Chief (Page-39), Letter to a Teen-age Daughter (Page-52), The Angry Young Men (Page-57), Drum (Page-69), Forms (Page-83), School (Page-95), Churches (Page-108), Verwoerd (Page-122), Broderbund (Page-135), Police State (page-147), The Agony of Nyanja (Page-161), Parliament (Page-174), Arrest (Page-183), Jail and After (Page-191), Conclusion (Page-208). | ||
| 650 |
_aAfrica Riots _9108670 |
||
| 942 |
_2ddc _cBK |
||
| 999 |
_c187516 _d187516 |
||